000 00518nam a2200169Ia 4500
005 20250508154239.0
008 008 250505s9999 xx 000 0 eng d
020 _a978-1-4129-7438-7
037 _aBooks to be hide in OPAC
040 _aFEDL
_beng
_cFEDL
041 _aeng
_2eng
084 _a379.5482, MAD/O
_qFEDL
245 0 _aReport on public instruction in the Madras Presidency for the year 1935-36, Vol 2
300 _av,237p.
942 _cHB
_h379.5482, MAD/O
999 _c1349103
_d1349103